00821nam a2200181 a 4500003000200000005001700002008004100019050002600060100002700086245017100113260009000284300004000374504004100414650003600455650004800491650004700539650005300586020250225091659.0101013s19uu xx 00 eng d aPHS BF 448b.L67 2010 aLiquigan, Marjhorie Y. aLevel of involvement in C.A.S. and decision-making style of fourth year high school students of Southville International School and Colleges /cMarjhorie Y. Liquigan. aLas Piñas City, Philippines :bSouthville International School and Colleges,c2010. a38 pages :billustrations ;c30 cm. aIncludes bibliographical references. aDecision making in adolescents. aHigh school studentsxSocial participation. aStudent activitiesxPsychological aspects. aExtracurricular activitiesxEducational aspects.